Statistical methods for the process industries (Record no. 22948)

MARC details
000 -LEADER
fixed length control field 00289nam a2200109Ia 4500
082 ## - DEWEY DECIMAL CLASSIFICATION NUMBER
Classification number 31:67
Item number BEL
100 ## - MAIN ENTRY--AUTHOR NAME
Personal name Belz, Maurice H
245 #0 - TITLE STATEMENT
Title Statistical methods for the process industries
260 ## - PUBLICATION, DISTRIBUTION, ETC. (IMPRINT)
Place of publication London
Name of publisher Macmillan
Year of publication 1973
942 ## - ADDED ENTRY ELEMENTS (KOHA)
Koha item type Books
Holdings
Withdrawn status Lost status Damaged status Not for loan Home library Current library Date acquired Cost, normal purchase price Full call number Accession Number Koha item type
        RRII Library RRII Library 16/12/2021 260.00 31:67 BEL 03657 Books